• 首页
  • 本馆介绍
  • 公告通知
  • 最新文献
  • 馆藏检索
  • 电子资源
  • 读者导购
  • 参考咨询
  • 我的图书馆
  • 登录
  • 详细信息显示
  • 放入我的书架
  • 预约/预借图书
  • 作者相关作品
  • 分类相关作品
  • 丛书相关作品
  • 出版社相关作品

书目信息

  • 表格格式
  • 工作单格式
  • 卡片格式
题名:
非凡乔布斯
    
 
作者: 布鲁门萨尔 著 ;丁口 译
分册:  
出版信息: 南昌   二十一世纪出版社  2012.06
页数: 280页
开本: 21cm
丛书名: 麦克米伦世纪名人传记
单 册:
中图分类: K837.125.38=6
科图分类:
主题词:
电子资源:
ISBN: 978-7-5391-7760-1
000 01215oam2 2200313 450
001 005464685
005 20160513100304.87
010    @a978-7-5391-7760-1@dCNY19.80
100    @a20141224d2012 demy0chiy0110 ea
101 1  @achi@ceng
102    @aCN@b360000
105    @aaf z 000yb
106    @ar
200 1  @a非凡乔布斯@9fei fan qiao bu si@f(美)凯伦·布鲁门萨尔著@g丁口译
210    @a南昌@c二十一世纪出版社@d2012.06
215    @a280页@c图,照片@d21cm
225 2  @a麦克米伦世纪名人传记
312    @a版权页英文题名:Steve Jobs: the man who thought different
330    @a本书带我们走进乔布斯复杂而传奇的人生,并借机展示了计算机产业的发展变化。通过巧妙的构思、精彩的文字、大量的黑白照片,为我们讲述了乔布斯——这位改变了我们的世界的人的故事。
333    @a青少年
461  0 @12001 @a麦克米伦世纪名人传记
510 1  @aSteve Jobs: the man who thought different@zeng
600  0 @a乔布斯@c(Jobs, Steve Paul@f1955-2011)@x传记
600  0 @a乔布斯@c(Jobs, Steve Paul@f1955-2011)
690    @aK837.125.38=6@v5
701  0 @c(美)@a布鲁门萨尔@9bu lu men sa er@c(Blumenthal, Karen)@4著
702  0 @a丁口@9ding kou@4译
801  0 @aCN@b人天书店@c20141224
905    @b877462-67@dK837.125.38=6@e702BL@f6
    
    非凡乔布斯/(美)凯伦·布鲁门萨尔著/丁口译.-南昌:二十一世纪出版社,2012.06
    280页:图,照片;21cm.-(麦克米伦世纪名人传记)
    使用对象:青少年
    
    ISBN 978-7-5391-7760-1:CNY19.80
    本书带我们走进乔布斯复杂而传奇的人生,并借机展示了计算机产业的发展变化。通过巧妙的构思、精彩的文字、大量的黑白照片,为我们讲述了乔布斯——这位改变了我们的世界的人的故事。
●
相关链接 在E读中查询图书 在五车中查询图书 在当当中查询图书 在豆瓣中查询图书


正题名:非凡乔布斯     索取号:K837.125.38=6/702BL         预约/预借

序号 登录号 条形码 馆藏地/架位号 状态 备注
1 877462   208774628   第二样本阅览室/ [索取号:K837.125.38=6/702BL] 在馆    
2 877463   208774637   教育系资料室/ [索取号:K837.125.38=6/702BL] 在馆    
3 877464   208774646   教育系资料室/ [索取号:K837.125.38=6/702BL] 在馆    
4 877465   208774655   教育系资料室/ [索取号:K837.125.38=6/702BL] 在馆    
5 877466   208774664   第二借阅区/ [索取号:K837.125.38=6/702BL] 在馆    
6 877467   208774673   第二借阅区/ [索取号:K837.125.38=6/702BL] 在馆    
唐山师范学院图书馆 欢迎您!
大连网信软件有限公司© 版权所有